| 000 | 00620nam a2200193 a 4500 | ||
|---|---|---|---|
| 005 | 20140310183334.0 | ||
| 008 | 060908s19uu xx 00 eng d | ||
| 020 | _a1845410033 | ||
| 050 |
_aG 155.A1 _b.T592435 2005 |
||
| 245 |
_aTourism, recreation and climate change / _cedited by Michael Hall and James Higham. |
||
| 260 |
_aClevedon : _bChannel View Publications, _c2005. |
||
| 300 |
_a309 p. : _bcol. ill. ; _c24 cm. |
||
| 521 | _aTOU | ||
| 650 |
_aTourism _xEnvironmental aspects. |
||
| 650 |
_aOutdoor recreation _xEnvironmental aspects. |
||
| 700 | _aHigham, James | ||
| 942 |
_cBK _2lcc _kFOR |
||
| 999 |
_c21653 _d21653 |
||